| 000 | 00878cam a2200265 a 4500 | ||
|---|---|---|---|
| 001 | 17418560 | ||
| 003 | OSt | ||
| 005 | 20160321114520.0 | ||
| 008 | 120806s2012 enkab b 001 0 eng d | ||
| 010 | _a 2011279234 | ||
| 020 | _a9781780320632 (Paper) | ||
| 020 | _a9781780320649 | ||
| 040 | _aSEKU | ||
| 050 | 0 | 0 |
_aHD 3575 _b.C43 |
| 100 | _4Chaturvedi, Sachin | ||
| 245 | 0 | 0 |
_aDevelopment cooperation and emerging powers : _bnew partners or old patterns? / _cedited by Sachin Chaturvedi, Thomas Fues and Elizabeth Sidiropoulos. |
| 260 |
_aLondon ; _aNew York : _bZed Books, _c2012. |
||
| 300 |
_axii, 276 p. : _bill., maps ; |
||
| 500 | _aIncludes index. | ||
| 650 | 0 |
_aCooperation _xEconomic aspects _zDeveloping countries. |
|
| 650 | 0 |
_aEconomic assistance _zDeveloping countries. |
|
| 700 | 1 | _aFues, Thomas. | |
| 700 | 1 | _aSidiropoulos, Elizabeth. | |
| 942 |
_2lcc _cGEN |
||
| 999 |
_c12176 _d12176 |
||